[Event "Mistrzostwa Polski Mlodzikow do 10 lat  - chlopcy"]
[Site "Chrusty k. Zagnanska"]
[Date "1899-12-30"]
[Round "4.3"]
[White "Musial, Igor"]
[Black "Borowik, Wojciech"]
[Result "1-0"]
[WhiteTitle "II+"]
[BlackTitle "II+"]
[WhiteElo "1399"]
[BlackElo "1527"]

1. e4 c5 2. Nc3 Nc6 3. f4 e6 4. Nf3 a6 5. g3 Nge7 6. Bg2 d5 7. d3 Ng6 8. O-O d4
9. Nb1 Be7 10. Nbd2 O-O 11. h3 Qc7 12. a4 Bd7 13. b3 b5 14. Bb2 Rfb8 15. axb5
axb5 16. Qe2 Bd8 17. e5 Nb4 18. Ne4 Nd5 19. c3 Ne3 20. Rfc1 Nxg2 21. Qxg2 dxc3
22. Rxc3 Rxa1+ 23. Bxa1 Qa7 24. Bb2 b4 25. Rc1 c4+ 26. Bd4 Qa3 27. Ra1 Qxb3 28.
Nc5 Qxd3 29. Nxd3 cxd3 30. Nd2 Rc8 31. Ra8 Rc1+ 32. Kh2 Bc6 33. Rxd8+ Nf8 34.
Qg1 Rc2 35. Qf2 Rc1 36. g4 b3 37. Nxb3 d2 38. Nxd2 g5 39. Bc5 gxf4 40. Rxf8+ Kg7
41. Qxf4 Rh1+ 42. Kg3 Rg1+ 43. Kh4 Rxg4+ 44. hxg4 h5 45. Qf6+ Kh7 46. Rh8# 1-0

[Event "Mistrzostwa Polski Mlodzikow do 10 lat  - chlopcy"]
[Site "Chrusty k. Zagnanska"]
[Date "1899-12-30"]
[Round "4.4"]
[White "Krol, Jan"]
[Black "Bartodziej, Bartosz"]
[Result "1/2-1/2"]
[WhiteTitle "II"]
[BlackTitle "II"]
[WhiteElo "1310"]
[BlackElo "1468"]

1. e4 c5 2. Nf3 e6 3. c4 Nc6 4. d4 cxd4 5. Nxd4 Nf6 6. Nc3 Bb4 7. f3 O-O 8. Be2
d5 9. Nxc6 bxc6 10. O-O Bxc3 11. bxc3 dxe4 12. Qxd8 Rxd8 13. Bg5 e3 14. Bxe3 Nd7
15. Rfd1 Ba6 16. a4 Kf8 17. Rd6 Ne5 18. Rxd8+ Rxd8 19. Bxa7 Bxc4 20. Bxc4 Nxc4
21. Bc5+ Ke8 22. a5 Rd5 23. Bb6 Rb5 24. Bd4 e5 25. a6 exd4 26. a7 Nb6 27. a8=Q+
Nxa8 28. Rxa8+ Ke7 29. cxd4 Rb4 30. Ra7+ Ke6 31. Rc7 Rxd4 32. Rxc6+ Rd6 33. Rc2
g6 34. Kf2 f6 35. g3 h6 36. h3 f5 37. Ke3 g5 38. g4 Ke5 39. Rc5+ Rd5 40. Rxd5+
Kxd5 41. Kd3 Ke5 42. Ke3 f4+ 43. Kd3 Kd5 1/2-1/2

[Event "Mistrzostwa Polski Mlodzikow do 10 lat  - chlopcy"]
[Site "Chrusty k. Zagnanska"]
[Date "1899-12-30"]
[Round "4.5"]
[White "Sniadecki, Oskar"]
[Black "Jaworski, Tymon"]
[Result "1/2-1/2"]
[WhiteTitle "II"]
[BlackTitle "II"]
[WhiteElo "1277"]
[BlackElo "1403"]

1. d4 d5 2. Bf4 Nf6 3. Nf3 e6 4. e3 Bd6 5. Bxd6 Qxd6 6. c3 O-O 7. Nbd2 c5 8. Bd3
Nc6 9. O-O e5 10. dxe5 Nxe5 11. Nxe5 Qxe5 12. Nf3 Qc7 13. Qc2 Bg4 14. Nd2 Bh5
15. Rfe1 Bg6 16. Bxg6 fxg6 17. e4 Ng4 18. Nf3 dxe4 19. Rxe4 Rxf3 20. Rxg4 Rf6
21. Re1 Rd8 22. Rge4 Qc6 23. Qb3+ Kf8 24. h3 Rf7 25. Re6 Qd7 26. c4 Qd4 27. Qe3
Qxe3 28. R1xe3 Rf6 29. R6e5 b6 30. Rd5 Rxd5 31. cxd5 Rf5 32. d6 Rd5 33. Re6 Rd1+
34. Kh2 Kf7 35. Re7+ Kf6 36. Rd7 h5 37. Rd8 Rd5 38. Rf8+ Ke6 39. Rg8 Kf7 40. Rd8
a5 41. Kg3 Kf6 42. d7 Ke6 43. Rb8 Rxd7 44. Rxb6+ Kf5 45. Rb5 Rd2 46. Rxc5+ Rd3+
47. Rb5+ 1/2-1/2

[Event "Mistrzostwa Polski Mlodzikow do 10 lat  - chlopcy"]
[Site "Chrusty k. Zagnanska"]
[Date "1899-12-30"]
[Round "4.6"]
[White "Warchol, Kamil"]
[Black "Musin, Pawel"]
[Result "1/2-1/2"]
[WhiteTitle "CM"]
[BlackTitle "II"]
[WhiteElo "1431"]
[BlackElo "1151"]

1. e4 c6 2. d4 d5 3. e5 Bf5 4. Nf3 h6 5. Be2 e6 6. O-O Nd7 7. Nbd2 Qb6 8. Nb3 c5
9. c3 c4 10. Nbd2 Ne7 11. b3 cxb3 12. Qxb3 Nc6 13. Qxb6 Nxb6 14. c4 a6 15. c5
Nd7 16. a3 Be7 17. Rd1 O-O 18. Nf1 f6 19. exf6 Bxf6 20. Be3 b6 21. cxb6 Nxb6 22.
Ng3 Bg6 23. Bd3 Bxd3 24. Rxd3 Nc4 25. Rb1 N6a5 26. a4 Rab8 27. Rdd1 Na3 28. Ra1
N3c4 29. Rab1 Na3 30. Ra1 N3c4 31. Rab1 Na3 32. Ra1 Rb3 33. Nd2 Rd3 1/2-1/2

[Event "Mistrzostwa Polski Mlodzikow do 10 lat  - chlopcy"]
[Site "Chrusty k. Zagnanska"]
[Date "1899-12-30"]
[Round "4.7"]
[White "Wielgus, Wojciech"]
[Black "Mulawa, Cyprian"]
[Result "1-0"]
[WhiteTitle "I"]
[BlackTitle "II"]
[WhiteElo "1517"]
[BlackElo "1191"]

1. e4 c5 2. Nf3 Nc6 3. Bb5 g6 4. Bxc6 bxc6 5. O-O Bg7 6. Re1 e5 7. c3 Qb6 8. d3
Ne7 9. Na3 d6 10. h3 O-O 11. Nc4 Qc7 12. d4 cxd4 13. cxd4 Be6 14. dxe5 dxe5 15.
Qc2 c5 16. Bd2 Nc6 17. Rac1 Rac8 18. b3 Rfd8 19. Red1 Qb8 20. Qb1 f5 21. Ng5 Bxc4
22. Rxc4 Qd6 23. exf5 Bh6 24. Ne4 Qd3 25. Qxd3 Rxd3 26. fxg6 hxg6 27. Rxc5 Rd4
28. f3 Rd3 29. Kf1 Bf4 30. Rc3 Rdd8 31. Ke1 Ne7 32. Rxc8 Rxc8 33. Bxf4 exf4 34.
Rd2 Nf5 35. Kf2 Ne7 36. Nf6+ Kg7 37. Ne4 Kg8 38. Ke2 Kf8 39. Nd6 Rc6 40. Kf2 Rc7
41. Ne4 Rc8 42. Ng5 Rc6 43. Ne4 Ke8 44. Nd6+ Kf8 45. Nc4 Ke8 46. Rd4 Rf6 47. Rd2
Nc6 48. Rd6 Rxd6 49. Nxd6+ Ke7 50. Nb5 a6 51. Nc7 Nb4 52. a3 Kd7 53. axb4 Kxc7
54. Ke2 g5 55. Kd3 Kd6 56. Kd4 Kc6 57. Kc4 Kb6 58. Kd3 Kb5 59. Kc3 Kc6 60. Kc4
Kb6 61. Kd4 Kb5 62. Kc3 Kc6 63. Kb2 Kb6 64. Ka2 Kc6 65. Kb2 Kb6 66. Kc2 Kc6 67.
Kb2 Kb6 68. Ka2 Kc6 69. Kb2 Kb6 70. Kc2 Kc6 71. Kb2 Kb6 72. Kc2 Kc6 73. Kd3 Kb5
74. Kc3 Kc6 75. Kb2 Kb6 76. Ka2 Kc6 77. Kb2 Kb6 78. Kc2 Kc6 79. Kd2 Kb6 80. Kd3
Kb5 81. Kc3 Kc6 82. Kd2 Kb6 83. Kd3 Kb5 84. Kc3 Kc6 85. Kc4 Kb6 86. Kd4 Kc6 87.
Kd3 Kb5 88. Kc3 Kc6 89. Kb2 Kb6 90. Kc2 Kc6 91. Kd3 Kb5 92. Kc3 Kc6 93. Kd4 Kb5
94. Kc3 Kc6 95. Kc2 Kb6 96. Kd2 Kb5 97. Kc3 Kc6 98. Kb2 Kb6 99. Ka2 Kc6 100. Kb2
Kb6 101. Kc2 Kc6 102. Kd2 Kb5 103. Kc3 Kc6 104. Kc2 Kb5 105. Kc3 Kc6 106. Kc2
Kb5 107. Kc3 Kc6 108. Kb2 Kb6 109. Ka2 Kc6 110. Kb2 Kb6 111. Kc2 Kb5 112. Kc3
Kc6 113. Kd4 Kb5 114. Kc3 Kc6 115. Kd2 Kb5 116. Kc3 Kc6 117. Kd3 Kb5 118. Kc3
Kc6 119. Kb2 Kb6 120. Ka2 Kc6 121. Kb2 Kb5 122. Ka3 a5 123. bxa5 Kxa5 124. b4+
Kb5 125. Kb3 Kb6 126. Kc4 Kc6 127. b5+ Kb6 128. Kb4 Kc7 129. Kc5 Kb7 130. b6 Kb8
131. Kd5 Kb7 132. Ke5 Kxb6 133. Kf5 Kc6 134. Kxg5 Kd7 135. Kxf4 Ke7 136. Kf5 Kf7
137. f4 Kg7 138. Ke6 Kf8 139. Kf6 Kg8 140. f5 Kf8 141. Kg6 Kg8 142. f6 Kf8 143.
f7 Ke7 144. Kg7 Kd7 145. f8=Q Kc6 146. Qd8 Kc5 147. Kf6 Kc4 148. Ke5 Kc3 149.
Ke4 Kc2 150. Qd3+ Kb2 151. Kd4 Ka1 152. Qd2 Kb1 153. Kc3 Ka1 154. Qb2# 1-0

[Event "Mistrzostwa Polski Mlodzikow do 10 lat  - chlopcy"]
[Site "Chrusty k. Zagnanska"]
[Date "1899-12-30"]
[Round "4.8"]
[White "Rozek, Michal"]
[Black "Wierzbicki, Dawid"]
[Result "0-1"]
[WhiteTitle "II"]
[BlackTitle "I"]
[WhiteElo "1196"]
[BlackElo "1419"]

1. c4 e5 2. Nc3 Nc6 3. g3 g6 4. Bg2 Bg7 5. e3 d6 6. Nge2 Nge7 7. O-O Be6 8. b3
Qd7 9. Bb2 Bh3 10. Qc2 h5 11. f4 h4 12. Rf2 Bxg2 13. Rxg2 hxg3 14. hxg3 exf4 15.
Nxf4 Qg4 16. Ncd5 Bxb2 17. Qxb2 O-O-O 18. Nxe7+ Nxe7 19. Qd4 Kb8 20. e4 Nc6 21.
Qe3 Rde8 22. d3 Ne5 23. Rf1 Qg5 24. Qe2 Ng4 25. Qf3 Rh7 26. Re2 Qc5+ 27. Rff2
Nxf2 28. Rxf2 Reh8 29. Kf1 Qa3 30. Nxg6 Rh1+ 31. Ke2 Qb2+ 32. Ke3 Re1+ 33. Kf4
Qf6+ 34. Kg4 Qxg6+ 0-1

[Event "Mistrzostwa Polski Mlodzikow do 10 lat  - chlopcy"]
[Site "Chrusty k. Zagnanska"]
[Date "1899-12-30"]
[Round "4.9"]
[White "Grot, Blazej"]
[Black "Bartoszczuk, Adam"]
[Result "1-0"]
[WhiteTitle "CM"]
[BlackTitle "II"]
[WhiteElo "1418"]
[BlackElo "1180"]

1. e4 c5 2. Nf3 e6 3. d4 cxd4 4. Nxd4 a6 5. Nc3 Qc7 6. Bd3 Nf6 7. f4 d6 8. Qf3
Be7 9. g4 b5 10. g5 Nfd7 11. Be3 Nc5 12. f5 exf5 13. Nd5 Qd8 14. Nxf5 Bxf5 15.
exf5 Nbd7 16. Nxe7 Qxe7 17. Qxa8+ 1-0

[Event "Mistrzostwa Polski Mlodzikow do 10 lat  - chlopcy"]
[Site "Chrusty k. Zagnanska"]
[Date "1899-12-30"]
[Round "4.10"]
[White "Duda, Leon"]
[Black "Zieba, Hubert"]
[Result "0-1"]
[WhiteTitle "II"]
[BlackTitle "II"]
[WhiteElo "1186"]
[BlackElo "1331"]

1. e4 c5 2. Nf3 Nc6 3. d4 cxd4 4. Nxd4 g6 5. c4 Nf6 6. Nc3 Nxd4 7. Qxd4 d6 8. Be3
Bg7 9. Be2 O-O 10. f3 Ng4 11. Qd2 Nxe3 12. Qxe3 Be6 13. Rc1 a6 14. O-O Rc8 15.
b3 Qa5 16. Na4 b5 17. Nb6 Rb8 18. Nd5 Bxd5 19. cxd5 Qxa2 20. f4 Rfc8 21. e5 dxe5
22. fxe5 Qb2 23. Rxc8+ Rxc8 24. Qf3 Qxe5 25. Qxf7+ Kh8 26. Bg4 Rf8 27. Qe6 Qd4+
0-1

[Event "Mistrzostwa Polski Mlodzikow do 10 lat  - chlopcy"]
[Site "Chrusty k. Zagnanska"]
[Date "1899-12-30"]
[Round "4.11"]
[White "Ptaszynski, Szymon"]
[Black "Murawski, Milosz"]
[Result "1-0"]
[WhiteTitle "II"]
[BlackTitle "II"]
[WhiteElo "1312"]
[BlackElo "1068"]

1. c4 e5 2. g3 Nf6 3. Bg2 Nc6 4. Nc3 Bb4 5. Nd5 Nxd5 6. cxd5 Ne7 7. Nf3 d6 8. Qa4+
c6 9. Qxb4 Nxd5 10. Qb3 Be6 11. Qd1 h6 12. d3 Qd7 13. O-O Bh3 14. Re1 Bxg2 15.
Kxg2 g5 16. Bd2 g4 17. Nh4 f5 18. e3 Qf7 19. Qb3 Qh5 20. Qxb7 O-O 21. Qxc6 Ne7
22. Qxd6 Rae8 23. Bb4 f4 24. Qe6+ Kg7 25. Bxe7 f3+ 26. Kf1 Rf7 27. Red1 Rexe7
28. Qb3 Rb7 29. Qa3 Rfc7 30. Rac1 e4 31. Qd6 Rxc1 32. Rxc1 Qb5 33. Qg6+ Kf8 34.
Rc8+ Ke7 35. Nf5+ Kd7 36. Qe8# 1-0

[Event "Mistrzostwa Polski Mlodzikow do 10 lat  - chlopcy"]
[Site "Chrusty k. Zagnanska"]
[Date "1899-12-30"]
[Round "4.12"]
[White "Nocek, Dominik"]
[Black "Adamala, Jacek"]
[Result "0-1"]
[WhiteTitle "II"]
[BlackTitle "II"]
[WhiteElo "1150"]
[BlackElo "1310"]

1. e4 c5 2. Nf3 e6 3. c3 d5 4. exd5 Qxd5 5. d4 Nf6 6. Na3 Nc6 7. Bf4 Qd8 8. dxc5
Bxc5 9. Qxd8+ Kxd8 10. Nb5 Ne4 11. Be3 Bd7 12. Bxc5 Nxc5 13. Nd6 Ke7 14. Rd1 f6
15. Nc4 Rhd8 16. Be2 e5 17. O-O Bf5 18. Rxd8 Rxd8 19. Ne3 Be4 20. Rd1 Na4 21.
Rxd8 Nxd8 22. Nd2 Bc6 23. Nd1 Ne6 24. b3 Nf4 25. Bf3 Bxf3 26. Nxf3 Ne2+ 27. Kf1
Naxc3 28. Nxc3 Nxc3 29. a3 Nb5 30. a4 Nd4 31. b4 Nxf3 32. gxf3 Kd6 33. Ke2 h5
34. Kd3 Kd5 35. Kc3 g5 36. h3 f5 37. a5 g4 38. fxg4 fxg4 39. h4 Ke4 40. Kd2 Kd4
41. Ke2 Kc4 42. Ke3 Kxb4 43. Ke4 Kxa5 44. Kxe5 b5 45. Kf5 b4 46. Kg5 b3 47. Kxh5
b2 48. Kxg4 b1=Q 49. h5 Qg1+ 50. Kf3 Qg5 0-1

[Event "Mistrzostwa Polski Mlodzikow do 10 lat  - chlopcy"]
[Site "Chrusty k. Zagnanska"]
[Date "1899-12-30"]
[Round "4.16"]
[White "Baszczynski, Gabriel"]
[Black "Olszewski, Antoni"]
[Result "1-0"]
[WhiteTitle "II"]
[BlackTitle "II"]
[WhiteElo "1299"]
[BlackElo "1061"]

1. Nf3 d5 2. g3 c5 3. Bg2 Nc6 4. O-O e5 5. d3 Be7 6. Nbd2 Nf6 7. b3 O-O 8. Bb2
d4 9. Nc4 Qc7 10. a4 Be6 11. Ncd2 Rad8 12. Re1 a5 13. Nf1 Nd5 14. e4 Nb6 15. N1d2
Nb4 16. Nb1 Bd6 17. Na3 Bd7 18. Nd2 g6 19. Nac4 Nxc4 20. Nxc4 Be6 21. Nxd6 Qxd6
22. Bc1 f5 23. f4 b6 24. exf5 Rxf5 25. Bh3 exf4 26. Bxf5 Bxf5 27. Bxf4 Qd5 28.
Re5 Qc6 29. Qe2 Bh3 30. Re1 Bd7 31. Re7 Nd5 32. Bh6 Qf6 33. Rxd7 Ne3 34. Rxd8+
Qxd8 35. Bxe3 1-0

[Event "Mistrzostwa Polski Mlodzikow do 10 lat  - chlopcy"]
[Site "Chrusty k. Zagnanska"]
[Date "1899-12-30"]
[Round "4.17"]
[White "Raczek, Krzysztof"]
[Black "Grobelny, Mikolaj"]
[Result "1-0"]
[WhiteTitle "II"]
[BlackTitle "II"]
[WhiteElo "1290"]
[BlackElo "1031"]

1. e4 e5 2. Nf3 Nc6 3. d4 d6 4. dxe5 Nxe5 5. Nxe5 dxe5 6. Qxd8+ Kxd8 7. Nc3 Bb4
8. Bd2 Ne7 9. O-O-O Ke8 10. Bb5+ c6 11. Ba4 Be6 12. a3 Bc5 13. f3 b5 14. Bb3 Bxb3
15. cxb3 f6 16. b4 Bb6 17. g3 Rd8 18. f4 Ng6 19. f5 Ne7 20. g4 h6 21. h4 Kf7 22.
b3 a6 23. a4 Rd7 24. a5 Ba7 25. Kc2 Rhd8 26. g5 hxg5 27. hxg5 c5 28. g6+ Kg8 29.
bxc5 Bxc5 30. Rh2 Kf8 31. Rh8+ Ng8 32. Nd5 Rc8 33. Kb1 Rb7 34. Bb4 Bxb4 35. Nxb4
Ra7 36. Nd5 Rd7 37. Rxg8+ Kxg8 38. Nxf6+ gxf6 39. Rxd7 Rc6 40. Rb7 Rc3 41. Kb2
Re3 42. Rb6 Rxe4 43. Rxf6 Rf4 44. Rxa6 Rxf5 45. Re6 Rf2+ 46. Ka3 Re2 47. a6 Re1
48. Kb4 Ra1 49. Kxb5 e4 50. Rxe4 Rd1 51. a7 Rd8 52. Ra4 Rd5+ 53. Kc4 Rd8 54. a8=Q
Rxa8 55. Rxa8+ 1-0

[Event "Mistrzostwa Polski Mlodzikow do 10 lat  - chlopcy"]
[Site "Chrusty k. Zagnanska"]
[Date "1899-12-30"]
[Round "4.18"]
[White "Spionkowski, Fabian"]
[Black "Adamala, Tomasz"]
[Result "1-0"]
[WhiteTitle "II"]
[BlackTitle "III"]
[WhiteElo "1125"]
[BlackElo "1196"]

1. e4 c5 2. Nf3 d6 3. Nc3 Nc6 4. Bc4 g6 5. d4 cxd4 6. Nxd4 Bg7 7. Nxc6 bxc6 8.
O-O Nf6 9. Be3 O-O 10. h3 Bb7 11. Bg5 Qa5 12. Bd2 Qc7 13. Qe2 Nd7 14. Qe3 Nb6
15. Be2 c5 16. Bf3 Nc4 17. Qd3 Nxb2 18. Qb5 Qb6 19. Qb3 Ba6 20. Rfb1 Qxb3 21.
axb3 Nd3 22. Rxa6 Nb4 23. Ra4 Nxc2 24. Rc1 Nb4 25. e5 Rad8 26. Rxa7 dxe5 27. Be3
Rfe8 28. Rb1 Rc8 29. Nd5 Nc6 30. Rd7 Nd4 31. Nxe7+ 1-0

[Event "Mistrzostwa Polski Mlodzikow do 10 lat  - chlopcy"]
[Site "Chrusty k. Zagnanska"]
[Date "1899-12-30"]
[Round "4.19"]
[White "Skrzypinski, Jan"]
[Black "Pawlowski, Kamil"]
[Result "1-0"]
[WhiteTitle "II"]
[BlackTitle "II"]
[WhiteElo "1194"]
[BlackElo "1054"]

1. e4 e5 2. Nf3 Nc6 3. Bc4 Bc5 4. c3 Nf6 5. d4 exd4 6. cxd4 Bb4+ 7. Nc3 Nxe4 8.
O-O Nxc3 9. bxc3 Bxc3 10. Qb3 Bxa1 11. Bxf7+ Kf8 12. Bg5 Ne7 13. Ne5 d6 14. Bg6
d5 15. Qf3+ Nf5 16. Bxd8 hxg6 17. Nxg6+ Kg8 18. Qxd5+ Kh7 19. Nxh8 Kxh8 20. Rxa1
c6 21. Qf7 a6 22. Re1 Kh7 23. Qh5+ Nh6 24. Bg5 Bg4 25. Qh4 b5 26. Bxh6 gxh6 27.
Re7+ Kg6 28. Qxg4+ Kf6 29. Qe6+ Kg5 30. Rg7+ Kf4 31. Qe5# 1-0

[Event "Mistrzostwa Polski Mlodzikow do 10 lat  - chlopcy"]
[Site "Chrusty k. Zagnanska"]
[Date "1899-12-30"]
[Round "4.20"]
[White "Przewlocki, Marcin"]
[Black "Zmarzly, Wiktor"]
[Result "0-1"]
[WhiteTitle "II"]
[BlackTitle "II"]
[WhiteElo "1173"]
[BlackElo "1185"]

1. e4 e5 2. Nf3 Nc6 3. d4 exd4 4. Nxd4 Bc5 5. Be3 Qf6 6. c3 Nge7 7. g3 d5 8. Bg2
Bxd4 9. cxd4 dxe4 10. Nc3 Bf5 11. Nxe4 Bxe4 12. Bxe4 O-O-O 13. O-O Nxd4 14. Bg2
Ndc6 15. Qb3 Qe6 16. Qc2 Nd5 17. Rfe1 Nxe3 18. Rxe3 Qd6 19. a3 Kb8 20. Rc1 Nd4
21. Qd3 Nf3+ 22. Bxf3 Qxd3 23. Rxd3 Rxd3 24. Re1 Rxf3 25. Re7 b6 26. Re2 Rd8 27.
Kg2 Rfd3 28. Re7 R8d7 29. Re8+ Kb7 30. Rh8 Rb3 31. Rxh7 g6 32. h4 Rxb2 33. g4
Rb5 34. h5 gxh5 35. gxh5 c5 36. h6 Rd8 37. Rg7 c4 38. h7 Rh5 39. Rg8 Kc8 40. Rg7
c3 41. Kf3 c2 42. Rg1 Rd1 43. Rg8+ Kd7 44. h8=Q Rxh8 45. Rxh8 c1=Q 46. Ke2 Qb2+
47. Kxd1 Qxh8 48. f4 Qh2 49. Kc1 Kc6 50. a4 Kc5 51. a5 Kc4 52. axb6 Kc3 53. b7
Qh1# 0-1

[Event "Mistrzostwa Polski Mlodzikow do 10 lat  - chlopcy"]
[Site "Chrusty k. Zagnanska"]
[Date "1899-12-30"]
[Round "4.21"]
[White "Duda, Szymon"]
[Black "Krasniewski, Maciej"]
[Result "1/2-1/2"]
[WhiteTitle "III"]
[BlackTitle "II"]
[WhiteElo "1085"]
[BlackElo "1232"]

1. e4 g6 2. d4 Bg7 3. Bd3 Nc6 4. c3 d6 5. Nf3 Nf6 6. Be3 O-O 7. h3 Re8 8. Nbd2
e6 9. O-O a6 10. a4 Nd7 11. Nh2 f5 12. f3 Nf6 13. Qc2 Nh5 14. b4 Ng3 15. Rfe1
e5 16. d5 Ne7 17. Nhf1 Nxf1 18. Rxf1 f4 19. Bf2 g5 20. Kh2 Ng6 21. Rfe1 Rf8 22.
Rf1 Nh4 23. Bxh4 gxh4 24. Rg1 Qg5 25. Nf1 Rf6 26. Qf2 Bd7 27. Ra2 Raf8 28. Rh1
Rg6 29. Rg1 Rh6 30. Rh1 Rff6 31. Bb1 Rfg6 32. Rg1 Bf6 33. Bd3 Rg7 34. Bb1 Rhg6
35. Bd3 Qg3+ 36. Qxg3 hxg3+ 37. Kh1 Rh6 38. Nd2 Rhg6 39. Bf1 Bh4 40. c4 Be7 41.
Bd3 Rh6 1/2-1/2

[Event "Mistrzostwa Polski Mlodzikow do 10 lat  - chlopcy"]
[Site "Chrusty k. Zagnanska"]
[Date "1899-12-30"]
[Round "4.24"]
[White "Ratajczak, Marcin"]
[Black "Wojtacha, Krzysztof"]
[Result "0-1"]
[WhiteTitle "III"]
[BlackTitle "II"]
[WhiteElo "1062"]
[BlackElo "1150"]

1. e4 e5 2. Nf3 Nc6 3. Bc4 Bc5 4. c3 Nf6 5. d4 exd4 6. cxd4 Bb4+ 7. Bd2 Nxe4 8.
Bxb4 Nxb4 9. Bxf7+ Kxf7 10. Qb3+ Kf8 11. Qxb4+ Qe7 12. Qxe7+ Kxe7 13. O-O Kd8
14. Re1 Nf6 15. Ne5 Rf8 16. Nc3 d6 17. Rad1 Nd7 18. Nf3 h6 19. d5 Nf6 20. h3 Nh5
21. Nd4 Nf4 22. Kh2 Ng6 23. g3 Rxf2+ 24. Kg1 Rxb2 25. a3 Bxh3 26. Ne6+ Bxe6 27.
dxe6 Rb3 28. Nd5 Ne7 29. Ne3 Rxa3 30. Rf1 Ng6 31. Nf5 Ne5 32. Ne3 Ng6 33. Nf5
Ra5 34. Nh4 Nxh4 35. Rf8+ Ke7 36. Rxa8 Nf5 37. Rg8 Kxe6 38. g4 Nh4 39. Rxg7 Rg5
40. Rxg5 hxg5 41. Kf2 c5 42. Rb1 b6 43. Ra1 Kd5 44. Ke3 Ng6 45. Rxa7 Ne5 46. Rg7
Nxg4+ 47. Ke2 b5 48. Rxg5+ Ne5 49. Kd1 c4 50. Rg8 b4 51. Kc2 Kd4 52. Rd8 d5 53.
Rb8 b3+ 54. Kb1 Kc3 55. Rb5 Kd4 56. Ka1 Nd7 57. Kb1 Nc5 58. Ra5 c3 59. Rb5 c2+
60. Kb2 Nd3+ 0-1

[Event "Mistrzostwa Polski Mlodzikow do 10 lat  - chlopcy"]
[Site "Chrusty k. Zagnanska"]
[Date "1899-12-30"]
[Round "4.26"]
[White "Goral, Antoni"]
[Black "Sowinski, Pawel"]
[Result "0-1"]
[WhiteTitle "III"]
[BlackTitle "II"]
[WhiteElo "1047"]
[BlackElo "1142"]

1. d4 d5 2. c4 e5 3. dxe5 d4 4. Nf3 Nc6 5. a3 a5 6. e3 Bg4 7. Be2 Bxf3 8. Bxf3
Bc5 9. exd4 Nxd4 10. Be3 c6 11. O-O Ne7 12. Nc3 Nef5 13. Bxd4 Bxd4 14. Be4 Ne7
15. Qh5 Qd7 16. Rad1 g6 17. Qh6 O-O-O 18. Qc1 Qe6 19. Bd3 Nf5 20. b4 Qxe5 21.
Rfe1 Qc7 22. c5 h5 23. b5 h4 24. h3 Bxf2+ 25. Kxf2 Qg3+ 26. Kg1 Rxd3 27. Rxd3
Qxd3 28. bxc6 bxc6 29. Qb2 Qd4+ 30. Kh1 Qxc5 31. Ne4 Qd4 32. Qxd4 Nxd4 33. Nd6+
Kd7 34. Nxf7 Re8 35. Rxe8 Kxe8 36. Ne5 g5 37. Nc4 a4 38. Nb2 Nc2 39. Nxa4 Nxa3
40. Kh2 Ke7 41. g3 Nb5 42. gxh4 gxh4 43. Kg2 Kf6 44. Kf3 Kf5 45. Nc5 Nd4+ 46.
Ke3 Ne6 47. Ne4 Ng5 48. Nf2 c5 49. Kd3 Kf4 50. Kc4 Kg3 51. Nh1+ Kg2 0-1

[Event "Mistrzostwa Polski Mlodzikow do 10 lat  - chlopcy"]
[Site "Chrusty k. Zagnanska"]
[Date "1899-12-30"]
[Round "4.30"]
[White "Wolak, Maciej"]
[Black "Maciejek, Marcel"]
[Result "0-1"]
[WhiteTitle "II"]
[BlackTitle "II"]
[WhiteElo "1101"]
[BlackElo "1165"]

1. e4 c5 2. Nf3 e6 3. d4 cxd4 4. Nxd4 a6 5. Bd3 Qc7 6. O-O Nf6 7. Kh1 b5 8. Bg5
Be7 9. f4 Bb7 10. Nd2 O-O 11. Qf3 h6 12. Bh4 Bd8 13. f5 e5 14. N4b3 Qd6 15. Bf2
Nc6 16. Bc5 Qc7 17. Bxf8 Kxf8 18. Qf2 Nb4 19. Qc5+ Qxc5 20. Nxc5 Bc6 21. a3 Nxd3
22. cxd3 Bb6 23. Ncb3 d5 24. Rae1 Ng4 25. h3 Ne3 26. Rc1 Nxf1 27. Nxf1 Bb7 28.
Nc5 Bxc5 29. Rxc5 dxe4 30. Rxe5 exd3 31. Re1 Rd8 32. Rd1 Bc8 33. g4 g6 34. Ne3
gxf5 35. gxf5 d2 36. Kg2 Bb7+ 37. Kf2 b4 38. axb4 Bc6 39. b3 Rd3 40. Ke2 Rxb3
41. Rxd2 Rxb4 42. Rd6 Bb5+ 43. Kf3 Kg7 44. Ng4 Rb3+ 45. Kf4 Rxh3 46. f6+ Kh7 47.
Rb6 Bc4 48. Rb7 Be6 49. Ra7 Rh4 50. Rxa6 Rxg4+ 51. Ke5 h5 52. Ra3 Kg6 53. Rh3
Rg5+ 54. Ke4 Bxh3 55. Kf4 Bg2 56. Ke3 Rg4 57. Kf2 Bf1 58. Kxf1 Rg3 59. Kf2 Ra3
60. Ke2 h4 61. Kf2 h3 62. Kg1 Ra2 63. Kh1 Kf5 64. Kg1 Kg4 65. Kh1 Kg3 66. Kg1
Ra1# 0-1

[Event "Mistrzostwa Polski Mlodzikow do 10 lat  - chlopcy"]
[Site "Chrusty k. Zagnanska"]
[Date "1899-12-30"]
[Round "4.31"]
[White "Uhryn, Mateusz"]
[Black "Chomicki, Kornel"]
[Result "0-1"]
[WhiteTitle "III"]
[BlackTitle "III"]
[WhiteElo "1154"]
[BlackElo "1093"]

1. e4 e5 2. Nf3 Nc6 3. Bc4 Bc5 4. c3 Nf6 5. d4 exd4 6. cxd4 Bb4+ 7. Bd2 Bxd2+ 8.
Nbxd2 d5 9. exd5 Nxd5 10. O-O O-O 11. Rc1 a6 12. Re1 Be6 13. Nb3 Bc8 14. h3 Nce7
15. Qe2 c6 16. Bxd5 Nxd5 17. Qe4 Nf6 18. Qd3 Nd5 19. Nc5 b6 20. Ne4 f5 21. Nc3
Bb7 22. Nxd5 Qxd5 23. Qc4 Qxc4 24. Rxc4 Rfe8 25. Rcc1 Rac8 26. Re5 g6 27. Rce1
Rxe5 28. dxe5 c5 29. g4 Bxf3 30. gxf5 gxf5 31. Kh2 Kf7 32. Kg3 Bd5 33. b3 Ke6
34. f4 Rg8+ 35. Kh4 Rg6 36. Kh5 a5 37. Rf1 Bg2 38. Rd1 Bf3+ 39. Kh4 Bxd1 40. b4
Ba4 41. a3 Rg7 42. bxc5 Rb7 43. cxb6 Rxb6 44. Kh5 Kf7 45. h4 Bd1+ 46. Kg5 Rg6+
47. Kxf5 Bc2# 0-1

[Event "Mistrzostwa Polski Mlodzikow do 10 lat  - chlopcy"]
[Site "Chrusty k. Zagnanska"]
[Date "1899-12-30"]
[Round "5.1"]
[White "Seemann, Jakub"]
[Black "Musial, Igor"]
[Result "1/2-1/2"]
[WhiteTitle "II+"]
[BlackTitle "II+"]
[WhiteElo "1627"]
[BlackElo "1399"]

1. e4 c5 2. Nf3 d6 3. d4 cxd4 4. Qxd4 Nc6 5. Bb5 Bd7 6. Bxc6 Bxc6 7. Nc3 Nf6 8.
Bg5 e6 9. O-O-O Be7 10. Kb1 Rc8 11. Rhe1 O-O 12. Qd2 b5 13. e5 Nd5 14. Bxe7 Qxe7
15. Ne4 dxe5 16. Nxe5 Rfd8 17. Nxc6 Rxc6 18. Qg5 f6 19. Qg4 Rdc8 20. Qe2 f5 21.
Ng3 Qb4 22. Rxd5 exd5 23. Nxf5 Rxc2 24. Nh6+ Kh8 25. Nf7+ Kg8 26. Nh6+ Kh8 27.
Nf7+ Kg8 28. Nh6+ gxh6 29. Qe6+ Kh8 30. Qf6+ Kg8 1/2-1/2

[Event "Mistrzostwa Polski Mlodzikow do 10 lat  - chlopcy"]
[Site "Chrusty k. Zagnanska"]
[Date "1899-12-30"]
[Round "5.2"]
[White "Adamala, Jacek"]
[Black "Krawczyk, Flawian"]
[Result "1-0"]
[WhiteTitle "II"]
[BlackTitle "II"]
[WhiteElo "1310"]
[BlackElo "1580"]

1. e4 c5 2. Nf3 d6 3. d4 cxd4 4. Nxd4 Nf6 5. f3 Qb6 6. Nc3 Nc6 7. Be3 Qxb2 8. Ndb5
Qb4 9. Bd2 Qa5 10. Nd5 Qd8 11. Ndc7+ Kd7 12. Nxa8 a6 13. Be3 Qa5+ 14. Qd2 Qxd2+
15. Kxd2 axb5 16. Bxb5 g6 17. Nb6+ Kc7 18. Bxc6 bxc6 19. Nxc8 Kxc8 20. Rhb1 Bg7
21. c3 c5 22. a4 Kc7 23. a5 Ra8 24. a6 Nd7 25. g4 e6 26. Bf4 Kc6 27. a7 e5 28.
Ra6+ Kc7 29. Be3 f6 30. Kd3 g5 31. Kc4 h6 32. Kd5 Bf8 33. Rc6+ Kd8 34. Rb7 f5
35. Rcc7 Nb6+ 36. Kc6 Ke8 37. Rb8+ Nc8 38. Rxa8 Be7 39. Raxc8+ Kf7 40. Rxe7+ Kxe7
41. Rc7+ Kf6 42. a8=Q f4 43. Qf8+ Kg6 44. Qg7# 1-0

[Event "Mistrzostwa Polski Mlodzikow do 10 lat  - chlopcy"]
[Site "Chrusty k. Zagnanska"]
[Date "1899-12-30"]
[Round "5.3"]
[White "Grzebieniowski, Michal"]
[Black "Wielgus, Wojciech"]
[Result "1/2-1/2"]
[WhiteTitle "II"]
[BlackTitle "I"]
[WhiteElo "1194"]
[BlackElo "1517"]

1. d4 Nf6 2. Nf3 e6 3. c4 c5 4. d5 exd5 5. cxd5 d6 6. Nc3 a6 7. a4 g6 8. g3 Bg7
9. Bg2 O-O 10. O-O Re8 11. Nd2 Nbd7 12. Nc4 Ne5 13. Na3 Qc7 14. Qc2 b6 15. Bd2
Bb7 16. Rae1 Rac8 17. e4 Ned7 18. f4 Re7 19. Nc4 Ne8 20. b3 Ba8 21. Na3 Rb8 22.
Qd3 Qa7 23. Kh1 h6 24. Re2 Nf8 25. Ref2 Qd7 26. Re2 Qa7 27. Na2 b5 28. a5 Rd8
29. Nc2 Qc7 30. Bc3 Bxc3 31. Qxc3 Kh7 32. Rd1 b4 33. Qb2 Qxa5 34. Ne3 Qc7 35.
Nc4 Qb8 36. Nc1 Bb7 37. Nd3 Kg8 38. Nf2 Kh7 39. Ng4 Qc7 40. Qc1 h5 41. Nge3 Nf6
42. Nd2 a5 43. f5 Kg7 44. Rf1 N6d7 45. g4 hxg4 46. Nxg4 Nh7 47. f6+ Nhxf6 48.
Qb2 Re5 49. Nxe5 Nxe5 50. Ref2 Nfg4 51. Rf4 Nh6 52. Nc4 Re8 53. Rf6 Kg8 54. Nxd6
Re7 55. Nc4 Nxc4 56. bxc4 Rd7 57. Qe2 Rd6 58. Rxd6 Qxd6 59. e5 Qd7 60. Qe3 Nf5
61. Qxc5 Nh4 62. Qf2 Nxg2 63. Qxg2 a4 64. e6 fxe6 65. Qxg6+ Qg7 66. Qxg7+ Kxg7
67. Rd1 exd5 68. cxd5 Bc8 69. Kg1 Kf6 70. d6 Bd7 71. Ra1 Ke6 72. h4 Kxd6 73. h5
Ke7 74. Kg2 Kf6 75. Kf2 Kg5 76. Ke3 Kxh5 77. Kd4 b3 78. Kc3 Kg5 79. Kb2 Kh5 80.
Rc1 Kh6 81. Ra1 1/2-1/2